Quick Pick: Emma Stone Quiz Stats

 Plays Quiz Updated Jan 26, 2018

Score 0/10 Timer 01:00
0 Plays Today
% Correct
Amazing
98.7%
Land
97.3%
Friends
96.4%
Sexes
96.3%
Stupid
96.2%
Easy
94.9%
Ghosts
94.7%
Virtue
93.9%
Squad
91.9%
Help
90.7%

Today's Daily Dose

You're not logged in!

Compare scores with friends on all Sporcle quizzes.
OR
Log In

Sporcle TV

Today on Sporcle TV


Watch our educational content, quiz creation guides, and fun videos on Sporcle TV.

Show Comments

Extras

Top Quizzes Today


Score Distribution

Your Account Isn't Verified!

In order to create a playlist on Sporcle, you need to verify the email address you used during registration. Go to your Sporcle Settings to finish the process.

Report this User

Report this user for behavior that violates our Community Guidelines.

Details: